书目信息 |
| 题名: |
精神起源
|
|
| 作者: | 唐志刚 著 | |
| 分册: | ||
| 出版信息: | 保定 河北大学出版社 2019.6 |
|
| 页数: | 170页 | |
| 开本: | 24cm | |
| 丛书名: | ||
| 单 册: | ||
| 中图分类: | Q983 , B844 | |
| 科图分类: | ||
| 主题词: | 人体--神经系统--关系--自我意识--研究 | |
| 电子资源: | ||
| ISBN: | 978-7-5666-1503-9 | |
| 000 | 00845nam0 2200241 45 | |
| 001 | 012001001044 | |
| 005 | 20131107112331.0 | |
| 010 | @a978-7-5666-1503-9@dCNY95.00 | |
| 100 | @a20190701d2019 em y0chiy0110 ea | |
| 101 | 0 | @achi |
| 102 | @aCN@b130000 | |
| 105 | @ay z 000yy | |
| 106 | @ar | |
| 200 | 1 | @a精神起源@Ajing shen qi yuan@f唐志刚著 |
| 210 | @a保定@c河北大学出版社@d2019.6 | |
| 215 | @a170页@d24cm | |
| 330 | @a本书通过对神经系统结构进行功能性梳理,综合各种理论和思想推导出两大理论,即信息维度论和模拟感知论,并且最终将两者统一起来,系统性地阐释了自我意识的形成机制,为今后的意识学研究和人工智能的理论发展另辟蹊径。 | |
| 606 | 0 | @a人体@x神经系统@x关系@x自我意识@x研究 |
| 690 | @aQ983@v5 | |
| 690 | @aB844@v5 | |
| 701 | 0 | @a唐志刚@Atang zhi gang@4著 |
| 801 | 0 | @aCN@b北京卓展文化@c20191020 |
| 905 | @b1197415-7@dQ983@e68@f3 | |
| 精神起源/唐志刚著.-保定:河北大学出版社,2019.6 |
| 170页;24cm |
| ISBN 978-7-5666-1503-9:CNY95.00 |
| 本书通过对神经系统结构进行功能性梳理,综合各种理论和思想推导出两大理论,即信息维度论和模拟感知论,并且最终将两者统一起来,系统性地阐释了自我意识的形成机制,为今后的意识学研究和人工智能的理论发展另辟蹊径。 |
| ● |
| 相关链接 |
|
|
|
|
正题名:精神起源
索取号:Q983/68
 
预约/预借
| 序号 | 登录号 | 条形码 | 馆藏地/架位号 | 状态 | 备注 |
| 1 | 1197415 | 211974158 | 第二样本阅览室/ [索取号:Q983/68] | 在馆 | |
| 2 | 1197416 | 211974167 | 第三借阅区/ [索取号:Q983/68] | 在馆 | |
| 3 | 1197417 | 211974176 | 第三借阅区/ [索取号:Q983/68] | 在馆 |